000 00549nam a2200181 4500
001 120046
003 ES-MaACL
005 20230906191445.0
007 t|
008 070214s1970 sp r ||||1| spa d
100 1 _aPiñero Gil, Antonio.
_992277
245 1 0 _aTécnica de la Educación Física /
_cAntonio Piñero Gil, Francisco Orden Vigara.
_n, . II.
250 _a1ª ed.
260 _aMadrid :
_bDoncel,
_c1970.
300 _a169 p. :
_bil. ;
_c24 cm.
700 1 _aOrden Vigara, Francisco.
_987180
852 _aES-MaACL
_jC-41340
_bR.75014
999 _c120046
_d120046